Heavy construction / (Record no. 10394)
[ view plain ]
| 000 -LEADER | |
|---|---|
| fixed length control field | 00376cam a2200157ua 4500 |
| 003 - CONTROL NUMBER IDENTIFIER | |
| control field | OSt |
| 008 - FIXED-LENGTH DATA ELEMENTS--GENERAL INFORMATION | |
| fixed length control field | 250415b |||||||| |||| 00| 0 eng d |
| 041 ## - LANGUAGE CODE | |
| Language code of text/sound track or separate title | eng |
| 082 ## - DEWEY DECIMAL CLASSIFICATION NUMBER | |
| Classification number | 624 |
| Item number | VAZ/HE |
| 100 ## - MAIN ENTRY--AUTHOR NAME | |
| Personal name | Vazirani, V N . |
| 245 ## - TITLE STATEMENT | |
| Title | Heavy construction / |
| 260 ## - PUBLICATION, DISTRIBUTION, ETC. (IMPRINT) | |
| Place of publication | Delhi : |
| Name of publisher | Khanna publishers. |
| 300 ## - PHYSICAL DESCRIPTION | |
| Number of Pages | 279 ; . |
| 700 1# - ADDED ENTRY--PERSONAL NAME | |
| Personal name | Chandala, S P . |
| 942 ## - ADDED ENTRY ELEMENTS (KOHA) | |
| Koha item type | Books |
| Withdrawn status | Lost status | Damaged status | Home library | Current library | Date acquired | Full call number | Accession Number | Koha item type |
|---|---|---|---|---|---|---|---|---|
| KAUAET | KAUAET | 07/04/2012 | 624 VAZ/HE | 18805 | Books |
